<?xml version="1.0" encoding="UTF-8"?>
<record
    xmlns:xsi="http://www.w3.org/2001/XMLSchema-instance"
    xsi:schemaLocation="http://www.loc.gov/MARC21/slim http://www.loc.gov/standards/marcxml/schema/MARC21slim.xsd"
    xmlns="http://www.loc.gov/MARC21/slim">

  <leader>01206nam a22002417a 4500</leader>
  <controlfield tag="005">20141204085936.0</controlfield>
  <controlfield tag="008">141128b2010    ck Il. |r|||| 00| 0 spa d</controlfield>
  <datafield tag="040" ind1=" " ind2=" ">
    <subfield code="c">CO-BoIH</subfield>
  </datafield>
  <datafield tag="041" ind1=" " ind2=" ">
    <subfield code="a">spa</subfield>
  </datafield>
  <datafield tag="044" ind1=" " ind2=" ">
    <subfield code="a">ck</subfield>
  </datafield>
  <datafield tag="090" ind1=" " ind2=" ">
    <subfield code="a">EA</subfield>
    <subfield code="b">00177</subfield>
  </datafield>
  <datafield tag="110" ind1=" " ind2=" ">
    <subfield code="a">Colombia</subfield>
    <subfield code="b">Corporaci&#xF3;n Aut&#xF3;noma Regional de la Orinoquia-Corporinoquia,</subfield>
    <subfield code="9">29720</subfield>
  </datafield>
  <datafield tag="245" ind1=" " ind2=" ">
    <subfield code="a">Reciclaje :</subfield>
    <subfield code="b">Cartilla de educaci&#xF3;n b&#xE1;sica que promueve el desarrollo empresarial de los casanare&#xF1;os - Una propuesta divertida para beneficio de todos </subfield>
  </datafield>
  <datafield tag="260" ind1=" " ind2=" ">
    <subfield code="a">Casanare :</subfield>
    <subfield code="b">Gobernaci&#xF3;n de Casanare, </subfield>
    <subfield code="b">Corporaci&#xF3;n Aut&#xF3;noma Regional de la Orinoquia-Corporinoquia,</subfield>
    <subfield code="c">2010.</subfield>
  </datafield>
  <datafield tag="300" ind1=" " ind2=" ">
    <subfield code="a">21 pag</subfield>
    <subfield code="b">Il.</subfield>
    <subfield code="c">28 cm.</subfield>
  </datafield>
  <datafield tag="650" ind1=" " ind2=" ">
    <subfield code="a">Aprovechamiento de Residuos </subfield>
    <subfield code="x">Ecolog&#xED;a Industrial </subfield>
    <subfield code="z">Casanare (Dpt. Colombia)</subfield>
    <subfield code="9">29721</subfield>
  </datafield>
  <datafield tag="650" ind1=" " ind2=" ">
    <subfield code="a"> Industria del Reciclaje </subfield>
    <subfield code="x">Aspectos Ambientales </subfield>
    <subfield code="z">Casanare (Dpt. Colombia)</subfield>
    <subfield code="9">29722</subfield>
  </datafield>
  <datafield tag="650" ind1=" " ind2="6">
    <subfield code="a">Residuos Industriales </subfield>
    <subfield code="x"> Aprovechamiento</subfield>
    <subfield code="z">Casanare (Dpt. Colombia)</subfield>
    <subfield code="9">29723</subfield>
  </datafield>
  <datafield tag="650" ind1=" " ind2=" ">
    <subfield code="a">Organizaci&#xF3;n de la Comunidad</subfield>
    <subfield code="x">Reciclaje</subfield>
    <subfield code="z">Casanare (Dpt. Colombia)</subfield>
    <subfield code="9">29724</subfield>
  </datafield>
  <datafield tag="650" ind1=" " ind2="6">
    <subfield code="a">Contaminaci&#xF3;n</subfield>
    <subfield code="x">Prevenci&#xF3;n </subfield>
    <subfield code="z">Casanare (Dpt. Colombia)</subfield>
    <subfield code="9">29725</subfield>
  </datafield>
  <datafield tag="650" ind1=" " ind2="4">
    <subfield code="a">Reciclaje </subfield>
    <subfield code="x">Ense&#xF1;anza</subfield>
    <subfield code="z">Casanare (Dpt. Colombia)</subfield>
    <subfield code="9">29726</subfield>
  </datafield>
  <datafield tag="942" ind1=" " ind2=" ">
    <subfield code="2">z</subfield>
    <subfield code="c">LIBRO</subfield>
  </datafield>
  <datafield tag="999" ind1=" " ind2=" ">
    <subfield code="c">8851</subfield>
    <subfield code="d">8851</subfield>
  </datafield>
  <datafield tag="952" ind1=" " ind2=" ">
    <subfield code="0">0</subfield>
    <subfield code="1">0</subfield>
    <subfield code="2">z</subfield>
    <subfield code="4">0</subfield>
    <subfield code="7">0</subfield>
    <subfield code="8">EDUAMBIENT</subfield>
    <subfield code="I">INV2017</subfield>
    <subfield code="a">Venado</subfield>
    <subfield code="b">Venado</subfield>
    <subfield code="d">2014-12-01</subfield>
    <subfield code="e">Instituto</subfield>
    <subfield code="g">39000.00</subfield>
    <subfield code="l">0</subfield>
    <subfield code="o">EA-00177</subfield>
    <subfield code="p">034824</subfield>
    <subfield code="r">2014-12-01 00:00:00</subfield>
    <subfield code="t">Ej. 1</subfield>
    <subfield code="w">2014-12-01</subfield>
    <subfield code="x">Donaci&#xF3;n</subfield>
    <subfield code="y">LIBRO</subfield>
  </datafield>
</record>
